000 02468nam a2200565 i 4500
001 xx004655450
003 NUKAT
005 20260409114647.0
008 190703s2019 pl a |001 0 pol c
020 _a9788380985889
_q(oprawa twarda) :
_czł 50,00
035 _a(OCoLC)1111739732
035 _a(NUKAT)xx004655450
040 _aKAT U/MP
_bpol
_erda
_cKAT U/MPs
_dKAT U/MP
_dOLSZT 008/bak
045 2 _bd1957
_bd1990
046 _k2019
245 0 0 _aNormatywy Wojskowej Służby Wewnętrznej (1957-1990) /
_cwybór, wstęp i opracowanie Bartosz Kapuściak ; Instytut Pamięci Narodowej. Komisja Ścigania Zbrodni przeciwko Narodowi Polskiemu.
260 _aKatowice ;
_aKraków :
_bInstytut Pamięci Narodowej - Komisja Ścigania Zbrodni przeciwko Narodowi Polskiemu,
_c2019.
300 _a949 stron :
_bilustracje ;
_c25 cm.
336 _aTekst
_btxt
_2rdacontent
337 _aBez urządzenia pośredniczącego
_bn
_2rdamedia
338 _aWolumin
_bnc
_2rdacarrier
380 _aKsiążki
380 _aPublikacje naukowe
388 1 _a2001-
490 1 _aNormatywy Aparatu Represji ;
_vt. 6
490 1 _aCentralny Projekt Badawczy IPN Aparat Bezpieczeństwa Wojsko Polskie w Strukturach Państwa w XX Wieku
504 _aBibliografia na stronach 923-933. Indeksy.
610 2 7 _aWojskowa Służba Wewnętrzna
_2DBN
_939744
610 1 7 _aPolska.
_bWojsko Polskie (1944- ).
_bWojskowa Służba Wewnętrzna
_vźródła.
_2kaba
_939745
648 7 _a1901-2000
_2DBN
_934996
648 7 _a1945-1989
_2DBN
_936043
648 7 _a1989-2000
_2DBN
_936156
650 7 _aCzynności operacyjne
_2DBN
_939434
650 7 _aInstrukcja
_2DBN
_939746
650 7 _aNormy
_2DBN
_939747
650 7 _aPRL
_2DBN
_935084
650 7 _aSłużby wywiadowcze wojskowe
_zPolska
_y1945-1990.
_2kaba
_939748
651 7 _aPolska
_2DBN
_935076
655 7 _aDokumenty
_2DBN
_937215
655 7 _aEdycja krytyczna
_2DBN
_935006
655 7 _aWydawnictwo źródłowe
_2DBN
_935066
658 _aBezpieczeństwo i wojskowość
658 _aHistoria
700 1 _aKapuściak, Bartosz
_d(1983- ).
_eRedakcja
_eWstęp
_eWybór
_914060
710 2 _aInstytut Pamięci Narodowej - Komisja Ścigania Zbrodni przeciwko Narodowi Polskiemu.
_eInstytucja sprawcza
_eWydawca
_4pbl
_911792
830 0 _aNormatywy Aparatu Represji
_vt. 6
_939749
830 0 _aWojsko Polskie w Strukturach Państwa w XX Wieku
_939460
920 _a978-83-8098-588-9 (oprawa twarda) : zł 50,00
942 _2ddc
_cBK_NM
999 _c27496
_d27496